|
|
|
|
| LEADER |
01614cas a2200241 a 4500 |
| 001 |
AALejournalIMF005668 |
| 008 |
230101c9999 xx r poo 0 0eng d |
| 020 |
|
|
|c 5.00 USD
|
| 020 |
|
|
|z 9781451871999
|
| 022 |
|
|
|a 1018-5941
|
| 040 |
|
|
|a BD-DhAAL
|c BD-DhAAL
|
| 100 |
1 |
|
|a Stavrev, Emil.
|
| 245 |
1 |
0 |
|a Forces Driving Inflation in the New EU10 Members /
|c Emil Stavrev.
|
| 264 |
|
1 |
|a Washington, D.C. :
|b International Monetary Fund,
|c 2009.
|
| 300 |
|
|
|a 1 online resource (18 pages)
|
| 490 |
1 |
|
|a IMF Working Papers
|
| 500 |
|
|
|a <strong>Off-Campus Access:</strong> No User ID or Password Required
|
| 500 |
|
|
|a <strong>On-Campus Access:</strong> No User ID or Password Required
|
| 506 |
|
|
|a Electronic access restricted to authorized BRAC University faculty, staff and students
|
| 520 |
3 |
|
|a The paper analyzes the forces driving inflation in the new EU10 member countries. A significant part of headline inflation in these countries is due to common factors, such as price level convergence and EU integration. However, idiosyncratic factors have also played a role in the inflation process. These factors are related to the country-specific financial conditions, pass-through from foreign prices, and demand-supply situation in each country, although administered price adjustments and increases of indirect taxes associated with EU accession are also likely to have played a role.
|
| 538 |
|
|
|a Mode of access: Internet
|
| 830 |
|
0 |
|a IMF Working Papers; Working Paper ;
|v No. 2009/051
|
| 856 |
4 |
0 |
|z Full text available on IMF
|u http://elibrary.imf.org/view/journals/001/2009/051/001.2009.issue-051-en.xml
|z IMF e-Library
|